Daňový problém - know-how

Praktické problémy z oblasti riešenia typických daňových nejasností.

Na minha lista:
Detalhes bibliográficos
Autor principal: Burák, Emil
Formato: Capítulo de Livro
Idioma:eslovaco
Assuntos:
Tags: Adicionar Tag
Sem tags, seja o primeiro a adicionar uma tag!

MARC

LEADER 00000naa a2200000 4500
001 0210037
005 20231120130642.2
041 0 |a slo 
044 |a SK 
245 1 0 |a Daňový problém - know-how  |c Emil Burák 
520 |a Praktické problémy z oblasti riešenia typických daňových nejasností. 
610 2 0 |a know-how 
610 2 0 |a dane 
610 2 0 |a zdaňovanie 
610 2 0 |a výdavky daňové 
100 1 |a Burák, Emil